00970nam a22002297a 4500003000200000005001700002008004100019050002600060100003400086245017400120260007100294300005000365500003700415504005600452650003900508650003800547650003800585700002800623700003700651700002600688700002600714020250211151115.0250211b xxu||||| |||| 00| 0 eng d aBF 637.C45b.R45 2023 aCaoyonan, Lindsay Corinne C.  aThe relationship between perceived caring behaviors and patient satisfaction on telehealth encounters within the Philippine context.cLindsay Corinne C. and four others. aLas Pinas CitybSouthville International School and Collegesc2023 axi, 121 pages: bcolored illustration;c28cm. aBachelor of Science in Nursing.  aIncludes bibliographical references and appendices. aTelehealth—Patient Satisfaction. aDigital Healthcare—Philippines. aCaring Behaviors in Telemedicine. aDatiles, Jaymee Lei G.  aDe Los Reyes, Brendan Paolo Y. 8 aDoctolero, Kirsten A. aEscorion, beatrice B.